[Event "HUN-chT2 Asztalos 1011"]
[Site "Hungary"]
[Date "2011.04.10"]
[Round "8.6"]
[White "Talaber, Istvan"]
[Black "Pais, Nimrod"]
[Result "0-1"]
[WhiteElo "1883"]
[BlackElo "2029"]
[PlyCount "118"]
[EventDate "2010.09.12"]
[EventType "team-tourn"]
[EventRounds "11"]
[EventCountry "HUN"]
[SourceTitle "EXT 2012"]
[Source "ChessBase"]
[SourceDate "2011.11.24"]
[SourceVersion "1"]
[SourceVersionDate "2011.11.24"]
[SourceQuality "1"]
[WhiteTeam "Pecs Karmin"]
[BlackTeam "Fehervar"]
[WhiteTeamCountry "HUN"]
[BlackTeamCountry "HUN"]

1. e4 c5 2. Nf3 e6 3. c4 Nc6 4. Nc3 a6 5. d4 cxd4 6. Nxd4 Qf6 7. Nxc6 dxc6 8. Be3 e5 9. Qa4 Bd7 10. Rd1 Qe6 11. Be2 Nf6 12. Qb3 b5 13. f3 Be7 14. Nb1 0-0 15. 0-0 Rfb8 16. Qc2 Rb7 17. b3 Be8 18. c5 Nh5 19. Rf2 Rd8 20. Bf1 Rxd1 21. Qxd1 g6 22. Rd2 Ng7 23. Nc3 a5 24. Kh1 Qc8 25. Kg1 Ne6 26. Ne2 Nxc5 27. Qc1 Ne6 28. Rc2 Qd8 29. Rd2 Rd7 30. Rxd7 Qxd7 31. Qc3 Qc7 32. Ng3 Bb4 33. Qc1 Qd6 34. Nh1 Bc5 35. Bxc5 Qxc5+ 36. Qxc5 Nxc5 37. Nf2 Bd7 38. Nd3 Nxd3 39. Bxd3 Kf8 40. Kf2 Ke7 41. a3 f5 42. Ke3 f4+ 43. Ke2 Kd6 44. Bxb5 cxb5 45. b4 axb4 46. axb4 Ke7 47. Kf2 Kf6 48. Kg1 Kg5 49. Kf2 Kh4 50. Kg1 g5 51. Kf2 h5 52. Kg1 g4 53. Kf2 Kg5 54. Kg1 Be6 55. Kf2 Bc4 56. Kg1 Be2 57. Kf2 Bd1 58. fxg4 hxg4 59. g3 Bc2 0-1

[Event "HUN-chT2 Asztalos 1011"]
[Site "Hungary"]
[Date "2010.10.24"]
[Round "4.7"]
[White "Lipcsei, Adam"]
[Black "Talaber, Istvan"]
[Result "1-0"]
[WhiteElo "1990"]
[BlackElo "1883"]
[PlyCount "35"]
[EventDate "2010.09.12"]
[EventType "team-tourn"]
[EventRounds "11"]
[EventCountry "HUN"]
[SourceTitle "EXT 2012"]
[Source "ChessBase"]
[SourceDate "2011.11.24"]
[SourceVersion "1"]
[SourceVersionDate "2011.11.24"]
[SourceQuality "1"]
[WhiteTeam "Nagyatad"]
[BlackTeam "Pecs Karmin"]
[WhiteTeamCountry "HUN"]
[BlackTeamCountry "HUN"]

1. e4 e5 2. f4 d5 3. exd5 Qxd5 4. Nc3 Qe6 5. fxe5 Qxe5+ 6. Be2 Bg4 7. d4 Bxe2 8. Ngxe2 Qf6 9. Rf1 Qd8 10. Qd3 c6 11. Bf4 Bd6 12. Qg3 Bxf4 13. Nxf4 Qe7+ 14. Kd2 Kd8 15. Rae1 Qd7 16. Qxg7 f6 17. Qxh8 Qxd4+ 18. Kc1 1-0

[Event "HUN-chT2 Asztalos 1011"]
[Site "Hungary"]
[Date "2010.09.12"]
[Round "1.8"]
[White "Talaber, Istvan"]
[Black "Gerecs, Istvan"]
[Result "1-0"]
[WhiteElo "1883"]
[BlackElo "1909"]
[PlyCount "93"]
[EventDate "2010.09.12"]
[EventType "team-tourn"]
[EventRounds "11"]
[EventCountry "HUN"]
[SourceTitle "EXT 2012"]
[Source "ChessBase"]
[SourceDate "2011.11.24"]
[SourceVersion "1"]
[SourceVersionDate "2011.11.24"]
[SourceQuality "1"]
[WhiteTeam "Pecs Karmin"]
[BlackTeam "Pannonpower II"]
[WhiteTeamCountry "HUN"]
[BlackTeamCountry "HUN"]

1. e4 c6 2. d4 d5 3. Nc3 dxe4 4. Nxe4 Nd7 5. Bc4 e6 6. Bg5 Ngf6 7. Nf3 Be7 8. Nxf6+ Bxf6 9. Qd2 h6 10. Be3 Nb6 11. Bb3 Nd5 12. 0-0 0-0 13. Rad1 b6 14. c4 Nxe3 15. fxe3 Bb7 16. Bc2 g6 17. Qf2 Qe7 18. Nd2 Bg7 19. Nf3 Rad8 20. Qg3 c5 21. Ne5 Qg5 22. Qxg5 hxg5 23. b3 Bxe5 24. dxe5 Rxd1 25. Rxd1 Bc6 26. Rd6 Rc8 27. a4 Kf8 28. Kf2 Ke7 29. Rd2 Rh8 30. h3 Rh4 31. Bd3 Be4 32. g3 Rxh3 33. Bxe4 Rh8 34. Kf3 Rc8 35. Kg4 Rc7 36. Kxg5 a6 37. Rh2 Rc8 38. Rh7 Rg8 39. Bb7 a5 40. Be4 Rf8 41. Bxg6 Ke8 42. Be4 Rg8+ 43. Kf4 Ke7 44. g4 Rd8 45. Bc6 Rd3 46. Rh8 Rxb3 47. Re8# 1-0

[Event "HUN-chT2 Asztalos 0607"]
[Site "Hungary"]
[Date "2007.05.06"]
[Round "10"]
[White "Talaber, Istvan"]
[Black "Gal, Peter"]
[Result "0-1"]
[WhiteElo "1915"]
[BlackElo "2049"]
[PlyCount "76"]
[EventDate "2006.11.12"]
[EventType "team"]
[EventRounds "11"]
[EventCountry "HUN"]
[SourceTitle "EXT 2008"]
[Source "ChessBase"]
[SourceDate "2007.11.25"]
[SourceVersion "1"]
[SourceVersionDate "2007.11.25"]
[SourceQuality "1"]
[WhiteTeam "Pecs Karmin"]
[BlackTeam "Szekszard"]
[WhiteTeamCountry "HUN"]
[BlackTeamCountry "HUN"]

1. e4 e6 2. d4 d5 3. e5 c5 4. Bb5+ Bd7 5. Bxd7+ Qxd7 6. c3 Qb5 7. a4 Qb6 8. Ne2 Nc6 9. 0-0 Nh6 10. dxc5 Bxc5 11. a5 Qc7 12. b4 Be7 13. f4 f6 14. Nd4 Nxd4 15. Qxd4 Nf5 16. Qd3 Rc8 17. Qb5+ Qc6 18. Qe2 0-0 19. Ba3 Qc4 20. Qxc4 Rxc4 21. Bc1 d4 22. g4 Nh4 23. Bd2 fxe5 24. Na3 Rcc8 25. c4 exf4 26. c5 e5 27. Nc4 e4 28. Bxf4 Nf3+ 29. Rxf3 exf3 30. Bd6 Rce8 31. Bg3 Bg5 32. Bd6 Rf7 33. Bg3 Bf4 34. Bf2 Re2 35. h4 Be3 36. Rf1 Rf4 37. Nxe3 dxe3 38. Bg3 Rg2+ 0-1

[Event "HUN-chT2 Asztalos 0607"]
[Site "Hungary"]
[Date "2007.04.29"]
[Round "9"]
[White "Talaber, Istvan"]
[Black "Boros, Koppany"]
[Result "1-0"]
[WhiteElo "1915"]
[BlackElo "2005"]
[PlyCount "43"]
[EventDate "2006.11.12"]
[EventType "team"]
[EventRounds "11"]
[EventCountry "HUN"]
[SourceTitle "EXT 2008"]
[Source "ChessBase"]
[SourceDate "2007.11.25"]
[SourceVersion "1"]
[SourceVersionDate "2007.11.25"]
[SourceQuality "1"]
[WhiteTeam "Pecs Karmin"]
[BlackTeam "Komlo Banyasz"]
[WhiteTeamCountry "HUN"]
[BlackTeamCountry "HUN"]

1. e4 c5 2. Nf3 d6 3. b3 Nf6 4. e5 dxe5 5. Nxe5 Qd4 6. Bb5+ Bd7 7. Nxd7 Nbxd7 8. Nc3 e5 9. Bb2 Bd6 10. Qf3 e4 11. Bxd7+ Kxd7 12. Qf5+ Kc6 13. Na4 Qd5 14. Qxd5+ Nxd5 15. g3 b5 16. Nc3 Nb4 17. 0-0-0 Rhe8 18. Rhe1 f5 19. a3 Na6 20. d3 b4 21. axb4 exd3 22. b5+ 1-0

[Event "HUN-chT2 Asztalos 0607"]
[Site "Hungary"]
[Date "2006.12.03"]
[Round "3"]
[White "Toth, Zoltan Jr"]
[Black "Talaber, Istvan"]
[Result "0-1"]
[WhiteElo "1997"]
[BlackElo "1915"]
[PlyCount "95"]
[EventDate "2006.11.12"]
[EventType "team"]
[EventRounds "11"]
[EventCountry "HUN"]
[SourceTitle "EXT 2008"]
[Source "ChessBase"]
[SourceDate "2007.11.25"]
[SourceVersion "1"]
[SourceVersionDate "2007.11.25"]
[SourceQuality "1"]
[WhiteTeam "Dombovar"]
[BlackTeam "Pecs Karmin"]
[WhiteTeamCountry "HUN"]
[BlackTeamCountry "HUN"]

1. e4 e5 2. Nf3 Nf6 3. d4 Nxe4 4. Nxe5 Be7 5. Bd3 Nf6 6. 0-0 0-0 7. c4 d6 8. Nf3 Bg4 9. Nbd2 Nc6 10. Be2 a5 11. b3 d5 12. Bb2 Bf5 13. Ne5 Nb4 14. Ndf3 c6 15. a3 Na6 16. Bd3 Bxd3 17. Qxd3 Ne4 18. Nd2 Nxd2 19. Qxd2 dxc4 20. bxc4 Nc5 21. Qc2 Nd7 22. Rad1 Qc7 23. Qf5 Nf6 24. Ng4 Nxg4 25. Qxg4 Bf6 26. h4 Rfe8 27. h5 h6 28. Bc1 Kh8 29. Qf5 Qd6 30. Rd3 Qe6 31. Qf3 Kh7 32. d5 cxd5 33. cxd5 Qd7 34. Rfd1 Re7 35. Re3 Rae8 36. Rde1 Rxe3 37. Rxe3 Rxe3 38. fxe3 Qe7 39. e4 Qc5+ 40. Be3 Qxa3 41. Qf5+ Kg8 42. Bxh6 Qa1+ 43. Kh2 gxh6 44. Qc8+ Kg7 45. Qg4+ Bg5 46. Qf5 Qf6 47. Qg4 Qf4+ 48. Kh3 0-1

[Event "HUN-chT2 Asztalos 0405"]
[Site "Hungary"]
[Date "2005.04.10"]
[Round "10"]
[White "Percze, Gabor"]
[Black "Talaber, Istvan"]
[Result "1/2-1/2"]
[WhiteElo "2123"]
[BlackElo "1898"]
[PlyCount "56"]
[EventDate "2004.09.26"]
[EventType "team"]
[EventRounds "11"]
[EventCountry "HUN"]
[SourceTitle "EXT 2009"]
[Source "ChessBase"]
[SourceDate "2008.11.26"]
[SourceVersion "1"]
[SourceVersionDate "2008.11.26"]
[SourceQuality "1"]
[WhiteTeam "Nagyatad"]
[BlackTeam "Pecs Karmin"]
[WhiteTeamCountry "HUN"]
[BlackTeamCountry "HUN"]

1. e4 c5 2. Nf3 d6 3. d3 g6 4. g3 Bg7 5. Bg2 e6 6. 0-0 Nc6 7. Re1 Qc7 8. c3 Nge7 9. Qe2 0-0 10. Bg5 Rb8 11. Qd2 b5 12. d4 Na5 13. b3 e5 14. Rc1 exd4 15. cxd4 Nb7 16. Nc3 f6 17. Be3 b4 18. Ne2 Qd8 19. Rab1 a5 20. dxc5 dxc5 21. Qxd8 Rxd8 22. Bxc5 Nxc5 23. Rxc5 a4 24. Rbc1 axb3 25. axb3 Bh6 26. Ra1 Be6 27. Ned4 Bg4 28. Rc4 Rdc8 1/2-1/2

[Event "HUN-chT2 Asztalos 0405"]
[Site "Hungary"]
[Date "2004.12.05"]
[Round "4"]
[White "Talaber, Istvan"]
[Black "Raba, Rudolf"]
[Result "1-0"]
[WhiteElo "1898"]
[BlackElo "2080"]
[PlyCount "111"]
[EventDate "2004.09.26"]
[EventType "team"]
[EventRounds "11"]
[EventCountry "HUN"]
[SourceTitle "EXT 2009"]
[Source "ChessBase"]
[SourceDate "2008.11.26"]
[SourceVersion "1"]
[SourceVersionDate "2008.11.26"]
[SourceQuality "1"]
[WhiteTeam "Pecs Karmin"]
[BlackTeam "Fehervar"]
[WhiteTeamCountry "HUN"]
[BlackTeamCountry "HUN"]

1. e4 c5 2. d3 d6 3. Nd2 Nf6 4. g3 g6 5. Bg2 Bg7 6. Ngf3 0-0 7. 0-0 Nc6 8. Re1 Qc7 9. c3 e5 10. h3 b5 11. Nf1 a5 12. Ne3 Ba6 13. Nh2 Rad8 14. g4 Ne7 15. c4 bxc4 16. dxc4 Rb8 17. Rb1 Bb7 18. Qc2 Bc6 19. Bd2 a4 20. Bc3 Qb7 21. Nef1 Qa6 22. Bd2 Rb7 23. Ng3 Rfb8 24. g5 Nd7 25. h4 Nb6 26. Bf1 Bd7 27. Bd3 Be6 28. Rec1 Nc6 29. Ne2 Nd7 30. Re1 Nb4 31. Bxb4 Rxb4 32. a3 Rb3 33. Nc1 R3b7 34. Ne2 Nb6 35. Rec1 f6 36. f3 fxg5 37. hxg5 Rf8 38. b4 axb3 39. Rxb3 Rfb8 40. Rcb1 Bxc4 41. Bxc4+ Nxc4 42. Rxb7 Rxb7 43. Rxb7 Qxb7 44. Qxc4+ Kf8 45. Nc3 Qe7 46. Nd5 Qxg5+ 47. Ng4 Qd8 48. Qa6 h5 49. Nf2 Bh6 50. Nh3 Bd2 51. Kg2 Kg7 52. Qb7+ Kg8 53. Ne7+ Kf8 54. Nxg6+ Kg8 55. Ne7+ Kf8 56. Nf5 1-0

[Event "Harkany Tenkes Cup 28th"]
[Site "Harkany"]
[Date "2004.11.30"]
[Round "6"]
[White "Malatinszky, Csaba"]
[Black "Talaber, Istvan"]
[Result "1/2-1/2"]
[WhiteElo "2012"]
[BlackElo "1902"]
[PlyCount "57"]
[EventDate "2004.11.25"]
[EventType "swiss"]
[EventRounds "9"]
[EventCountry "HUN"]
[SourceTitle "EXT 2008"]
[Source "ChessBase"]
[SourceDate "2007.11.25"]
[SourceVersion "1"]
[SourceVersionDate "2007.11.25"]
[SourceQuality "1"]

1. d4 Nf6 2. c4 g6 3. Nc3 Bg7 4. e4 d6 5. Nf3 0-0 6. Be2 Nbd7 7. 0-0 a5 8. Be3 Re8 9. Qd2 e5 10. dxe5 dxe5 11. Rad1 c6 12. Bg5 a4 13. b4 axb3 14. axb3 Qc7 15. Qc2 Bf8 16. Ra1 Rb8 17. Rfc1 Bb4 18. Nd2 Kg7 19. Be3 Nc5 20. f3 Be6 21. Na4 Nfd7 22. Nb1 Ra8 23. Nbc3 Nxa4 24. Nxa4 c5 25. Ra2 Nb6 26. Rca1 Nxa4 27. Rxa4 Rxa4 28. Rxa4 Rd8 29. Ra1 1/2-1/2

[Event "HUN-chT2 Asztalos 0304"]
[Site "Hungary"]
[Date "2004.04.04"]
[Round "10"]
[White "Talaber, Istvan"]
[Black "Konig, Balazs"]
[Result "0-1"]
[WhiteElo "1933"]
[BlackElo "2195"]
[PlyCount "86"]
[EventDate "2003.08.29"]
[EventType "team"]
[EventRounds "11"]
[EventCountry "HUN"]
[SourceTitle "EXT 2009"]
[Source "ChessBase"]
[SourceDate "2008.11.26"]
[SourceVersion "1"]
[SourceVersionDate "2008.11.26"]
[SourceQuality "1"]
[WhiteTeam "Pecs Karmin"]
[BlackTeam "Pannonpower"]
[WhiteTeamCountry "HUN"]
[BlackTeamCountry "HUN"]

1. e4 d5 2. exd5 Nf6 3. Nc3 Nxd5 4. Ne4 Bf5 5. Ng3 Bg6 6. Nf3 e6 7. Bb5+ c6 8. Ba4 Nd7 9. Bb3 Be7 10. 0-0 0-0 11. d4 Bf6 12. Re1 Rc8 13. Bxd5 cxd5 14. c3 b5 15. Qe2 Qb6 16. Ne5 Nxe5 17. dxe5 Be7 18. Be3 Bc5 19. Bxc5 Rxc5 20. h4 h6 21. h5 Bh7 22. Qe3 Rfc8 23. a3 a5 24. Ne2 b4 25. axb4 axb4 26. cxb4 Qxb4 27. Red1 Bc2 28. Rd4 Qxb2 29. Ra7 R5c7 30. Rxc7 Rxc7 31. g4 Qb3 32. Qxb3 Bxb3 33. f4 Rc2 34. Ng3 Bc4 35. g5 Rc3 36. Kf2 Kh7 37. Rd2 Rb3 38. Rd4 Rb2+ 39. Ke1 g6 40. hxg6+ Kxg6 41. gxh6 Kxh6 42. f5 Kg5 43. f6 Rc2 0-1

[Event "HUN-chT2 Asztalos 0203"]
[Site "Hungary"]
[Date "2003.02.02"]
[Round "6"]
[White "Talaber, Istvan"]
[Black "Kiss, Zoltan"]
[Result "1/2-1/2"]
[WhiteElo "1933"]
[BlackElo "2227"]
[PlyCount "89"]
[EventDate "2002.09.22"]
[EventType "team"]
[EventRounds "11"]
[EventCountry "HUN"]
[SourceTitle "EXT 2009"]
[Source "ChessBase"]
[SourceDate "2008.11.26"]
[SourceVersion "1"]
[SourceVersionDate "2008.11.26"]
[SourceQuality "1"]

1. e4 c5 2. d3 Nc6 3. Nf3 e5 4. g3 d6 5. Bg2 Be7 6. 0-0 Be6 7. Re1 h6 8. Nbd2 Qd7 9. Nf1 0-0-0 10. Ne3 Nf6 11. c4 Rdg8 12. Qa4 Kb8 13. Bd2 g5 14. Nd5 Bd8 15. Bc3 h5 16. b4 Nxd5 17. exd5 Nxb4 18. Qxd7 Bxd7 19. Nxe5 dxe5 20. Bxe5+ Kc8 21. Bxh8 Rxh8 22. Red1 Nc2 23. Rab1 Nd4 24. Rb2 f5 25. Rdb1 b6 26. a3 Re8 27. Kf1 f4 28. Be4 Bc7 29. gxf4 Bxf4 30. Kg2 g4 31. Bg6 Rg8 32. Be4 h4 33. Kh1 Kc7 34. Rg1 Rf8 35. a4 Be5 36. a5 bxa5 37. Rgb1 a4 38. Rb7+ Kd6 39. Rxa7 Rxf2 40. Rb6+ Ke7 41. Rbb7 Rxh2+ 42. Kg1 Ne2+ 43. Kf1 Ng3+ 44. Kg1 Ne2+ 45. Kf1 1/2-1/2

[Event "Harkany Tenkes Cup 26th"]
[Site "Harkany"]
[Date "2002.11.17"]
[Round "4"]
[White "Talaber, Istvan"]
[Black "Waller, Helmut"]
[Result "1/2-1/2"]
[WhiteElo "1931"]
[BlackElo "2182"]
[PlyCount "119"]
[EventDate "2002.11.14"]
[EventType "swiss"]
[EventRounds "9"]
[EventCountry "HUN"]
[SourceTitle "EXT 2008"]
[Source "ChessBase"]
[SourceDate "2007.11.25"]
[SourceVersion "1"]
[SourceVersionDate "2007.11.25"]
[SourceQuality "1"]

1. e4 c5 2. d3 e6 3. g3 d5 4. Nd2 Nf6 5. Bg2 Nc6 6. Ngf3 dxe4 7. dxe4 Be7 8. 0-0 0-0 9. Re1 e5 10. h3 Qc7 11. c3 h6 12. Qe2 Be6 13. Nf1 Rfd8 14. N1h2 a6 15. Nh4 Bf8 16. Ng4 Nxg4 17. hxg4 g5 18. Nf5 Rd7 19. Ne3 Ne7 20. c4 f6 21. Nd5 Bxd5 22. exd5 Nc8 23. Be4 Nd6 24. Bg6 b5 25. b3 Re7 26. Bb2 Rb8 27. Bc3 Bg7 28. Qc2 Qc8 29. f3 bxc4 30. bxc4 Reb7 31. Qe2 Qd7 32. Rab1 Qa4 33. Rxb7 Rxb7 34. Rb1 Rxb1+ 35. Bxb1 Nxc4 36. Bc2 Qa3 37. Qxc4 Qc1+ 38. Kh2 Qxc2+ 39. Kh3 Qd1 40. Kg2 Bf8 41. Qe4 Kg7 42. Qc4 Qc2+ 43. Kg1 Bd6 44. Qxa6 Qd1+ 45. Kg2 Qxd5 46. Qe2 c4 47. Qb2 Bc7 48. Qb4 Kf7 49. Qb1 Kg7 50. Qb2 Bd6 51. Qb1 Bc5 52. Qb2 Bd4 53. Qd2 Qc5 54. Qb2 Bxc3 55. Qxc3 Qd4 56. Qb4 Kg6 57. Qf8 Qd2+ 58. Kh3 Qd5 59. Qe8+ Qf7 60. Qc6 1/2-1/2

[Event "Harkany Tenkes Cup 25th"]
[Site "Harkany"]
[Date "2001.11.22"]
[Round "4"]
[White "Marjanovic, Slavko"]
[Black "Talaber, Istvan"]
[Result "1-0"]
[WhiteElo "2039"]
[BlackElo "2017"]
[PlyCount "71"]
[EventDate "2001.11.19"]
[EventType "swiss"]
[EventRounds "9"]
[EventCountry "HUN"]
[SourceTitle "EXT 2004"]
[Source "ChessBase"]
[SourceDate "2003.11.25"]
[SourceVersion "1"]
[SourceVersionDate "2003.11.25"]
[SourceQuality "1"]

1. d4 Nf6 2. c4 g6 3. g3 Bg7 4. Bg2 0-0 5. Nf3 d6 6. 0-0 Nbd7 7. Nc3 a5 8. e4 e5 9. h3 exd4 10. Nxd4 Ne5 11. b3 Re8 12. Be3 Bd7 13. Qc2 a4 14. f4 axb3 15. axb3 Rxa1 16. Rxa1 Nc6 17. Rd1 Qc8 18. Kh2 Nb4 19. Qd2 Na6 20. Bf2 Nc5 21. Qc2 Qa8 22. Ndb5 Bxb5 23. Nxb5 Qb8 24. e5 dxe5 25. Bxc5 exf4 26. gxf4 Nh5 27. f5 Be5+ 28. Kg1 Bg3 29. fxg6 hxg6 30. Qd3 Nf4 31. Qd7 Ne6 32. Rf1 f5 33. Bd5 c6 34. Bxe6+ Rxe6 35. Qxe6+ Kh7 36. Qf7+ 1-0

[Event "Harkany Tenkes Cup 25th"]
[Site "Harkany"]
[Date "2001.11.19"]
[Round "1"]
[White "Talaber, Istvan"]
[Black "Boguszlavszkij, Jevgenyij"]
[Result "0-1"]
[WhiteElo "2017"]
[BlackElo "2268"]
[PlyCount "78"]
[EventDate "2001.11.19"]
[EventType "swiss"]
[EventRounds "9"]
[EventCountry "HUN"]
[SourceTitle "EXT 2004"]
[Source "ChessBase"]
[SourceDate "2003.11.25"]
[SourceVersion "1"]
[SourceVersionDate "2003.11.25"]
[SourceQuality "1"]

1. e4 c6 2. d3 g6 3. g3 Bg7 4. Bg2 e5 5. Be3 Ne7 6. Nf3 0-0 7. 0-0 f5 8. Bg5 h6 9. Bxe7 Qxe7 10. Nbd2 d6 11. Nh4 Kh7 12. c3 f4 13. Nhf3 Be6 14. Qc2 Nd7 15. d4 g5 16. Qd3 g4 17. Ne1 f3 18. Bh1 Rad8 19. Nc2 Nf6 20. Ne3 Kh8 21. d5 Bc8 22. c4 c5 23. a4 h5 24. Rfb1 Bh6 25. b4 cxb4 26. Rxb4 Qh7 27. Ra2 Nd7 28. h4 Nc5 29. Qc2 Bd7 30. a5 Bxe3 31. fxe3 Be8 32. Rab2 Bg6 33. Qb1 Bxe4 34. Nxe4 Qxe4 35. Qxe4 Nxe4 36. Rxb7 f2+ 37. Kh2 f1Q 38. Rg2 Rb8 39. a6 Nd2 0-1

[Event "Harkany Tenkes Cup"]
[Site "Harkany"]
[Date "2000.11.23"]
[Round "8"]
[White "Talaber, Istvan"]
[Black "Szemzo, Lajos"]
[Result "1/2-1/2"]
[WhiteElo "2041"]
[BlackElo "2045"]
[PlyCount "23"]
[EventDate "2000.11.16"]
[EventType "swiss"]
[EventRounds "9"]
[EventCountry "HUN"]
[SourceTitle "CBM 079 Extra"]
[Source "ChessBase"]
[SourceDate "2001.01.11"]
[SourceVersion "2"]
[SourceVersionDate "2001.01.25"]
[SourceQuality "1"]

1. e4 c5 2. Nc3 Nc6 3. f4 d6 4. Bc4 g6 5. Nge2 Bg7 6. 0-0 Nf6 7. d4 cxd4 8. Nxd4 0-0 9. Nxc6 bxc6 10. e5 Qb6+ 11. Kh1 Ng4 12. Qe1 1/2-1/2